Countries Oliver Tree has Visited - Statistics

General Stats
  • This quiz has been taken 20 times
    6 since last reset
  • The average score is 18 of 25
Answer Stats
Continent Country % Correct
North America Canada
100%
Europe France
100%
Europe Germany
100%
Asia/ Europe Russia
100%
Europe Sweden
100%
North America United States of America
100%
Oceania Australia
67%
Europe Belgium
67%
Europe Czech Republic
67%
Europe Denmark
67%
Asia Georgia
67%
Asia Indonesia
67%
Europe Ireland
67%
Europe Italy
67%
Asia Japan
67%
North America Mexico
67%
Europe Netherlands
67%
Oceania New Zealand
67%
Europe Serbia
67%
Europe Spain
67%
Asia/ Europe Turkey
67%
Europe Ukraine
67%
Europe United Kingdom
67%
Europe Lithuania
33%
Europe Kazakhstan
0%
No matching quizzes found
Score Distribution
Percent of People with Each Score
Percentile by Number Answered
Your Score History
You have not taken this quiz since the last reset